00946nam a2200169 a 450000100100000000500170001000800410002704000250006811001440009324500470023726001390028430000210042395201050044495201050054995201050065499900170075900004516420201002045930.0150205s2003 dr a 000 0 spa d aDO-SdBNPbspacBNPHU1 aRepública DominicanabBanco Central de la República DominicanabDepartamento de Cuentas Nacionales y Estadísticas Económicas97317310aIndice de Precios al Consumidor 1999-2002. aSanto Domingo, :bBanco Central de la República DominicanabDepartamento de Cuentas Nacionales y Estadísticas Económicas,c2003. a204 p. ;c28 cm. 0010718PDaPDbPDcCTd2015-02-05iLF1l0o p45164-10r2020-06-25w2020-06-25yLFPDZNo se presta 0010718PDaPDbPDcHDd2015-02-05iLF1l0o p45165-10r2020-06-25w2020-06-25yLFPDZNo se presta 0010718PDaPDbPDcHDd2015-02-05iLF1l0o p45166-10r2020-06-25w2020-06-25yLFPDZNo se presta c44653d44653